Vybrané otázky novej právnej úpravy obchodného registra

Zmena charakteru registračného konania. Rozhodujúce smernice Rady Európskej únie. Porovnanie najdôležitejších bodov zákona o obchodnom registri.

Gespeichert in:
Bibliographische Detailangaben
1. Verfasser: Schwarcz, Juraj
Format: Buchkapitel
Sprache:Slowakisch
Schlagworte:
Tags: Tag hinzufügen
Keine Tags, Fügen Sie das erste Tag hinzu!

MARC

LEADER 00000naa$a2200000$$$4500
001 0086045
005 20230908101902.6
041 0 |a slo 
044 |a SK 
245 1 0 |a Vybrané otázky novej právnej úpravy obchodného registra  |c Juraj Schwarcz 
520 |a Zmena charakteru registračného konania. Rozhodujúce smernice Rady Európskej únie. Porovnanie najdôležitejších bodov zákona o obchodnom registri. 
610 2 0 |a register obchodný 
610 2 0 |a smernice 
610 2 0 |a Európska únia 
610 2 0 |a legislatíva 
100 1 |a Schwarcz, Juraj